000 00705nam a2200193Ia 4500
003 OSt
005 20250121114231.0
008 210210b1993 xxu||||| |||| 00| 0 eng d
040 _cAL
041 _aKannada
082 _aK894.9 BARK
100 _aBARAGURU RAMACHANDRAPPA Ed ಬರಗೂರು ರಾಮಚಂದ್ರಪ್ಪ ಸಂ
_9194277
245 _aKannada Sahityadalli Pradhana Mattu Adhina Samskrati
_bಕನ್ನಡ ಸಾಹಿತ್ಯದಲ್ಲಿ ಪ್ರಧಾನ ಮತ್ತು ಅಧೀನ ಸಂಸ್ಕ್ರತಿ
260 _aBengaluru
_bKarnataka Sahitya Akademi
_c1993
300 _a250,68
690 _aKannada Criticism
_9194278
906 _a048003
942 _2ddc
_cBK
999 _c97114
_d97114